Vzdelávanie pomáha zamestnancovi i firme

Zamestnávatelia i zamestnanci vnímajú dnes vzdelávanie ako celoživotný proces. Prínosy vzdelávania pre zamestnávateľa. Prepojenie rozvoja ľudských zdrojov s rozvojom organizácie.

Salvato in:
Dettagli Bibliografici
Autore principale: Maniková, Jana
Natura: Capitolo di libro
Lingua:slovacco
Soggetti:
Tags: Aggiungi Tag
Nessun Tag, puoi essere il primo ad aggiungerne!!

MARC

LEADER 00000naa$a2200000$$$4500
001 0025376
005 20231006120420.5
041 0 |a slo 
044 |a SK 
245 1 0 |a Vzdelávanie pomáha zamestnancovi i firme  |c Jana Maniková 
520 |a Zamestnávatelia i zamestnanci vnímajú dnes vzdelávanie ako celoživotný proces. Prínosy vzdelávania pre zamestnávateľa. Prepojenie rozvoja ľudských zdrojov s rozvojom organizácie. 
610 2 0 |a vzdelávanie permanentné 
610 2 0 |a vzdelávanie celoživotné 
610 2 0 |a zamestnávatelia 
610 2 0 |a zamestnanci 
610 2 0 |a rozvoj pracovníkov 
610 2 0 |a rozvoj podniku 
100 1 |a Maniková, Jana